[Event "Bayern-chI Bank Hofmann 26th"]
[Site "Tegernsee"]
[Date "2023.10.28"]
[Round "1"]
[White "Chassard, Cedric"]
[Black "Mueller Dehn, Christian"]
[Result "1-0"]
[WhiteElo "2326"]
[BlackElo "2051"]
[PlyCount "55"]
[EventDate "2023.10.28"]
[EventType "swiss"]
[EventRounds "9"]
[EventCountry "GER"]
[SourceTitle "Mega2024 Update 01"]
[Source "Chessbase"]
[SourceDate "2023.11.12"]
[SourceVersion "1"]
[SourceVersionDate "2023.11.12"]
[SourceQuality "1"]

1. e4 d6 2. d4 Nf6 3. Nc3 e5 4. Nf3 Nbd7 5. g4 Nxg4 6. Rg1 Ngf6 7. Be3 c6 8. Qd2 b5 9. 0-0-0 Qa5 10. dxe5 dxe5 11. Kb1 b4 12. Na4 Nxe4 13. Qd3 Nd6 14. Qb3 Ba6 15. Bxa6 Qxa6 16. Nc5 Qb5 17. Nxd7 Kxd7 18. Qxf7+ Be7 19. Rxd6+ Kxd6 20. Rd1+ Qd5 21. Rxd5+ cxd5 22. Bc5+ Kxc5 23. Qxe7+ Kb5 24. Qb7+ Kc5 25. Qc7+ Kb5 26. Nxe5 Rhe8 27. Qc6+ Ka5 28. Qxd5+ 1-0

[Event "Prague op-A 18th"]
[Site "Prague"]
[Date "2019.01.16"]
[Round "7"]
[White "Mueller Dehn, Christian"]
[Black "Plischki, Sebastian"]
[Result "0-1"]
[WhiteElo "2167"]
[BlackElo "2426"]
[PlyCount "72"]
[EventDate "2019.01.11"]
[EventType "swiss"]
[EventRounds "9"]
[EventCountry "CZE"]
[SourceTitle "CBM 188 Extra"]
[Source "ChessBase"]
[SourceDate "2019.02.26"]
[SourceVersion "1"]
[SourceVersionDate "2019.02.26"]
[SourceQuality "1"]

1. Nf3 Nf6 2. c4 g6 3. b4 Bg7 4. Bb2 0-0 5. g3 c6 6. Bg2 d5 7. cxd5 Nxd5 8. Bxg7 Kxg7 9. Qb3 Qb6 10. a3 a5 11. Nc3 axb4 12. Nxd5 cxd5 13. Rb1 Nc6 14. 0-0 Ra5 15. e3 Bf5 16. Rb2 Rfa8 17. axb4 Rb5 18. Qc3+ Kg8 19. Nh4 d4 20. exd4 Nxd4 21. Qe3 Be6 22. Rfb1 Qd6 23. Nf3 Nxf3+ 24. Bxf3 Rd8 25. Be2 Re5 26. Qf3 Bd5 27. Qd3 Qb6 28. Bf3 Rf5 29. Bxd5 Qxf2+ 30. Kh1 Rfxd5 31. Qe3 Qf5 32. Re1 e6 33. Ra2 Rd3 34. Qe4 Qxe4+ 35. Rxe4 Rxd2 36. Ra7 Rb2 0-1

[Event "Gibraltar Masters 15th"]
[Site "Caleta"]
[Date "2017.02.02"]
[Round "10"]
[White "Mueller Dehn, Christian"]
[Black "Berrocal Ruiz, Valentin"]
[Result "1/2-1/2"]
[WhiteElo "2170"]
[BlackElo "2042"]
[PlyCount "59"]
[EventDate "2017.01.24"]
[EventType "swiss"]
[EventRounds "10"]
[EventCountry "GGB"]
[SourceTitle "EXT 2018"]
[Source "ChessBase"]
[SourceDate "2017.10.13"]
[SourceVersion "1"]
[SourceVersionDate "2017.10.13"]
[SourceQuality "1"]

1. c4 Nf6 2. Nc3 g6 3. g3 Bg7 4. Bg2 0-0 5. d3 e5 6. Nf3 d6 7. 0-0 Nc6 8. Bg5 h6 9. Bd2 Be6 10. Ne1 Nh5 11. Rb1 Qd7 12. e3 f5 13. f4 Rae8 14. b4 Nd8 15. Nc2 Nf6 16. Re1 g5 17. b5 Bf7 18. Nb4 exf4 19. exf4 Ng4 20. Nc2 gxf4 21. gxf4 Kh8 22. h3 Nf6 23. Rxe8 Rxe8 24. Qf1 Nh5 25. Kh2 Rg8 26. Nd5 Ne6 27. Bf3 c6 28. bxc6 bxc6 29. Qe2 Qe8 30. Re1 1/2-1/2

[Event "Gibraltar Masters 15th"]
[Site "Caleta"]
[Date "2017.01.31"]
[Round "8"]
[White "Mueller Dehn, Christian"]
[Black "Nomin Erdene, Davaademberel"]
[Result "0-1"]
[WhiteElo "2170"]
[BlackElo "2378"]
[PlyCount "76"]
[EventDate "2017.01.24"]
[EventType "swiss"]
[EventRounds "10"]
[EventCountry "GGB"]
[SourceTitle "CBM 177"]
[Source "ChessBase"]
[SourceDate "2017.03.16"]
[SourceVersion "1"]
[SourceVersionDate "2017.03.16"]
[SourceQuality "1"]

1. c4 c6 2. Nf3 d5 3. e3 Nf6 4. Nc3 e6 5. d4 Nbd7 6. b3 Bd6 7. Be2 b6 8. 0-0 0-0 9. Bb2 Bb7 10. Bd3 Rc8 11. Rc1 Qe7 12. Re1 c5 13. Qe2 cxd4 14. exd4 Rfd8 15. Ne5 Nf8 16. Nb5 Bb8 17. Ba3 Qe8 18. c5 bxc5 19. Bxc5 a6 20. Na3 Ne4 21. b4 Bxe5 22. dxe5 Nxc5 23. Rxc5 Rxc5 24. bxc5 Qa4 25. Qb2 Bc6 26. Qb6 Qxa3 27. Bxh7+ Kxh7 28. Qxd8 Qxc5 29. h4 Bb5 30. Qg5 Qb4 31. Re3 Qb1+ 32. Kh2 Qf5 33. Qe7 Ng6 34. Qc7 d4 35. Rg3 Nxe5 36. f3 Qf4 37. Qd8 d3 38. Qf8 Ng6 0-1

[Event "Gibraltar Masters 15th"]
[Site "Caleta"]
[Date "2017.01.25"]
[Round "2"]
[White "Edouard, Romain"]
[Black "Mueller Dehn, Christian"]
[Result "1-0"]
[WhiteElo "2613"]
[BlackElo "2170"]
[PlyCount "55"]
[EventDate "2017.01.24"]
[EventType "swiss"]
[EventRounds "10"]
[EventCountry "GGB"]
[SourceTitle "CBM 177"]
[Source "ChessBase"]
[SourceDate "2017.03.16"]
[SourceVersion "1"]
[SourceVersionDate "2017.03.16"]
[SourceQuality "1"]

1. Nf3 d5 2. g3 c6 3. Bg2 Bg4 4. 0-0 e6 5. h3 Bh5 6. d4 Bd6 7. c4 Nd7 8. cxd5 exd5 9. Nc3 Ngf6 10. Nh4 Bg6 11. Bg5 h6 12. Nxg6 fxg6 13. Bxf6 Nxf6 14. Qc2 Kf7 15. e4 dxe4 16. Qb3+ Kf8 17. Qxb7 Qc8 18. Qb3 Rb8 19. Qc2 c5 20. Nxe4 Nxe4 21. Qxe4 Qf5 22. Qc6 Be7 23. Rae1 Rd8 24. Re5 Qd7 25. Qxg6 Bf6 26. Rd5 Qf7 27. Rxd8+ Bxd8 28. Qd6+ 1-0

[Event "Bayern-chI Bank Hofmann 18th"]
[Site "Bad Wiessee"]
[Date "2014.10.26"]
[Round "2"]
[White "Mueller Dehn, Christian"]
[Black "Graf, Alexander"]
[Result "0-1"]
[WhiteElo "2167"]
[BlackElo "2596"]
[PlyCount "70"]
[EventDate "2014.10.25"]
[EventType "swiss"]
[EventRounds "9"]
[EventCountry "GER"]
[SourceTitle "EXT 2015"]
[Source "ChessBase"]
[SourceDate "2014.11.20"]
[SourceVersion "1"]
[SourceVersionDate "2014.11.20"]
[SourceQuality "1"]

1. d4 Nf6 2. c4 e6 3. Nc3 Bb4 4. Qc2 d6 5. a3 Bxc3+ 6. Qxc3 Qe7 7. Nf3 b6 8. g3 Bb7 9. Bg2 Nbd7 10. 0-0 0-0 11. b3 Rab8 12. Bb2 Ne4 13. Qd3 f5 14. Nd2 Nxd2 15. Qxd2 Bxg2 16. Kxg2 f4 17. f3 Qg5 18. Rae1 Qg6 19. e3 fxg3 20. hxg3 Nf6 21. Rh1 Rf7 22. Re2 Nh5 23. Rh3 Rbf8 24. Qc2 Rxf3 25. Qxg6 hxg6 26. g4 Rxh3 27. Kxh3 Nf6 28. e4 Nd7 29. Kg3 Rf1 30. Kg2 Rd1 31. g5 Kf7 32. b4 Ke7 33. Kh2 a5 34. Kg2 Rd3 35. b5 e5 0-1

[Event "Dresden ZMD op 22nd"]
[Site "Dresden"]
[Date "2013.08.16"]
[Round "7"]
[White "Schnoor, Ekkehard"]
[Black "Mueller Dehn, Christian"]
[Result "1/2-1/2"]
[WhiteElo "2059"]
[BlackElo "2181"]
[PlyCount "28"]
[EventDate "2013.08.10"]
[EventType "swiss"]
[EventRounds "9"]
[EventCountry "GER"]
[SourceTitle "CBM 155 Extra"]
[Source "ChessBase"]
[SourceDate "2013.08.26"]
[SourceVersion "1"]
[SourceVersionDate "2013.08.26"]
[SourceQuality "1"]

1. Nf3 d5 2. g3 g6 3. Bg2 Bg7 4. 0-0 e5 5. d3 Ne7 6. Nbd2 0-0 7. e4 Nbc6 8. Re1 Re8 9. b3 a5 10. a3 d4 11. a4 h6 12. Nc4 Bg4 13. h3 Be6 14. Kh2 Qd7 1/2-1/2